000 00516nam a2200157Ia 4500
008 210716s2005 xx 000 0 und d
020 _a0761988602
041 _aeng
082 _a658.4092 CONM
100 _aConnerley, Mary L;Pedersen, Paul B.
245 _aLeadership in a diverse and multicultural environment: developing awareness knowledge and skills.
_bDeveloping awareness knowledge and skills.
250 _a1
260 _aNew Delhi
_bSage Publications
_c2005
300 _axv,215
650 _aLeadership
999 _c203122
_d203122